000 00592nam a2200241Ia 4500
003 OSt
005 20221005114108.0
006 a|||||r|||| 00| 0
007 ta
008 221004b |||||||| |||| 00| 0 tam d
024 _a49748
037 _cTextual
040 _aCRL
_cCRL
_btam
041 _2tam
_atam
082 _aO31,3N17,16, J6
100 _aMayavi Au.
_9584042
245 0 _aAnbin uruvam
260 _c1956
650 _a TAMIL LITERATURE
650 _aTAMIL FICTION
942 _hO31,3N17,16, J6
_cTEXL
_2cc
999 _c1030234
_d1030234